000 00711nam a22001937a 4500
999 _c176267
_d176267
005 20201208142853.0
010 _aUR-10955
020 _c400.00
_a9789389733648
035 _aU-9510
037 _bDBAD/PUB
082 _a841
100 _aا يم کما ل ا لد ين
245 _aشعو ر لا شعو ر (غز ليا ت و د يگر منظو ما ت)
_cا يم کما ل ا لد ين
246 _bSha'oor-e-Lasha'oor (Urdu)
_aby M.Kamaluddin
260 _aN.Delhi
_bEducational Publishing House
_c2020 ء
270 _aH.O.D1/16,Ansari Road,Darya ganj,
_bN.Delhi
_e110002
_k45678285,23216162
_l0091-11-23211540
300 _a224 ص
_c22 Cm(Hb)
942 _2ddc
_cUR
_h841
_mا ی م